Education in India: (Record no. 181560)

MARC details
000 -LEADER
fixed length control field 00589nam a22001817a 4500
005 - DATE AND TIME OF LATEST TRANSACTION
control field 20210923121508.0
010 ## - LCCN (DPL NO)
LC control number ENG-130004
020 ## - INTERNATIONAL STANDARD BOOK NUMBER
International Standard Book Number 9789353887421
Terms of availability 1350.00
035 ## - SYSTEM CONTROL NUMBER
System control number EN-113486
037 ## - SOURCE OF ACQUISITION
Source of stock number/acquisition DBAD/PUB
082 ## - DEWEY DECIMAL CLASSIFICATION NUMBER
Classification number 370.954
245 ## - TITLE STATEMENT
Title Education in India:
Statement of responsibility, etc edited by Jandhyala B.G.Tilak
Remainder of title Policy and practice/
260 ## - PUBLICATION, DISTRIBUTION, ETC. (IMPRINT)
Name of publisher, distributor, etc Sage
Place of publication, distribution, etc India
Date of publication, distribution, etc 2021
270 ## - ADDRESS
City New Delhi
Postal code 110044
Address B1/1-1,Mohan Cooperative industrial Area Mathura road Post Bag 7
300 ## - PHYSICAL DESCRIPTION
Extent xxxii,364p.
Dimensions 25cm(hbk)
700 ## - ADDED ENTRY--PERSONAL NAME
Personal name Tilak, Jandhyala B.G.
942 ## - ADDED ENTRY ELEMENTS (KOHA)
Source of classification or shelving scheme Dewey Decimal Classification
Item type English Books
Classification part 370.954
Call number suffix EDU
Holdings
Withdrawn status Lost status Not for loan Collection code Home library Current library Date acquired Source of acquisition Cost, normal purchase price Full call number Barcode Copy number Cost, replacement price Koha item type
      Non-fiction Bawana Bawana 23/09/2021 DBAD/PUB 1350.00 370.954 EDU EN-113486 1 1350.00 English Books

© Delhi Public Library
Hit Counter
free hit counter